[Event "?"]
[Site "?"]
[Date "2011.06.03"]
[Round "5.36"]
[White "Feller, Florian"]
[Black "Sieweck, Philipp"]
[Result "0-1"]
[WhiteElo "1986"]
[BlackElo "1938"]
[PlyCount "120"]
[EventDate "2011.??.??"]

1. e4 c6 2. d4 d5 3. e5 Bf5 4. Nf3 e6 5. Be2 Nd7 6. Be3 Ne7 7. O-O h6 8. Nbd2
Qb6 9. b3 Bh7 10. g4 c5 11. c4 Qc7 12. dxc5 Nxe5 13. cxd5 Nxd5 14. Nxe5 Nc3 15.
Qe1 Qxe5 16. Nc4 Nxe2+ 17. Qxe2 Qc7 18. Rac1 Be7 19. Nd6+ Bxd6 20. cxd6 Qxd6
21. Qb5+ Qd7 22. Qxd7+ Kxd7 23. Rfd1+ Ke7 24. Rc7+ Kf6 25. Rdd7 Bg6 26. f4 Rhd8
27. Bd4+ e5 28. Bxe5+ Ke6 29. Re7+ Kd5 30. Rxb7 h5 31. Rxa7 Rxa7 32. Rxa7 hxg4
33. Ra4 Rg8 34. b4 f6 35. Bc7 Rc8 36. Bb6 Rc2 37. a3 Be4 38. Ra5+ Ke6 39. Be3
Rg2+ 40. Kf1 Rxh2 41. b5 Rb2 42. b6 g3 43. Ra4 Bf3 44. Rb4 Ra2 45. Bd4 Rd2 46.
Rb1 Rxd4 47. b7 Bxb7 48. Rxb7 Rxf4+ 49. Kg2 Rg4 50. a4 g5 51. a5 Ra4 52. Rb5
Ra3 53. Rc5 Kf7 54. Rb5 Kg6 55. Rc5 g4 56. Rb5 f5 57. Rb6+ Kg5 58. a6 f4 59.
Rc6 Ra2+ 60. Kg1 f3 0-1

[Event "?"]
[Site "?"]
[Date "2011.06.03"]
[Round "5.37"]
[White "Zeller, Elisa"]
[Black "Steinhart, Christoph"]
[Result "1/2-1/2"]
[WhiteElo "1795"]
[BlackElo "1979"]
[PlyCount "74"]
[EventDate "2011.??.??"]

1. e4 e6 2. d4 d5 3. e5 c5 4. c3 Nc6 5. Nf3 f6 6. Bb5 Qb6 7. Bxc6+ bxc6 8. O-O
cxd4 9. cxd4 f5 10. Nc3 Ba6 11. Re1 Bb4 12. Bd2 Ne7 13. a3 Bxc3 14. bxc3 h6 15.
Nh4 Kd7 16. Rb1 Qc7 17. Qh5 Bd3 18. Ra1 f4 19. Qd1 Bh7 20. Nf3 g5 21. Kh1 Rab8
22. Bc1 Qa5 23. Qd2 Rb3 24. c4 Qxd2 25. Bxd2 dxc4 26. Rec1 Rd3 27. Bb4 g4 28.
Nd2 Rxd4 29. Nxc4 Rd5 30. Na5 Rc8 31. Bxe7 Rxa5 32. Bd6 Rd5 33. Rc4 c5 34. Rxf4
Bf5 35. Ra4 Ra8 36. Rc1 Rc8 37. Rxa7+ Kc6 1/2-1/2

[Event "?"]
[Site "?"]
[Date "2011.06.03"]
[Round "5.38"]
[White "Enders, Philipp"]
[Black "Schnepel, Thomas"]
[Result "1-0"]
[WhiteElo "1794"]
[BlackElo "1964"]
[PlyCount "83"]
[EventDate "2011.??.??"]

1. d4 d5 2. e4 dxe4 3. Nc3 Nf6 4. f3 exf3 5. Nxf3 Bf5 6. Ne5 e6 7. g4 Bg6 8.
Bg2 c6 9. g5 Bh5 10. Qd3 Ng4 11. Nf3 Bd6 12. Ne4 Qc7 13. Nxd6+ Qxd6 14. O-O Na6
15. h3 Bg6 16. Qd2 h5 17. hxg4 hxg4 18. Ne5 Bf5 19. Qf4 Nb4 20. c3 Nd5 21. Bxd5
Qxd5 22. Kf2 O-O-O 23. Be3 f6 24. gxf6 gxf6 25. Nf7 Rh3 26. Ke2 Qb5+ 27. Ke1
Qxb2 28. Rc1 Rh2 29. Bd2 g3 30. Nxd8 Bd3 31. Nxe6 Re2+ 32. Kd1 Rxe6 33. Re1
Rxe1+ 34. Kxe1 Qb5 35. Qxg3 Qf5 36. Qf2 Qe4+ 37. Be3 f5 38. Kd2 b5 39. Qf4 Qg2+
40. Qf2 Qg4 41. Rg1 Qe4 42. Qg2 1-0

[Event "?"]
[Site "?"]
[Date "2011.06.03"]
[Round "5.39"]
[White "Schaffert, Walter"]
[Black "Lube, Manfred"]
[Result "1-0"]
[WhiteElo "1944"]
[BlackElo "1903"]
[PlyCount "31"]
[EventDate "2011.??.??"]

1. e4 d6 2. d4 Nf6 3. Nc3 g6 4. f4 Bg7 5. Nf3 O-O 6. Be3 c5 7. dxc5 Qa5 8. Bd3
dxc5 9. O-O Nc6 10. e5 Ng4 11. Bd2 c4 12. Be2 Qc5+ 13. Kh1 Nf2+ 14. Rxf2 Qxf2
15. Nd5 Bg4 16. Be3 1-0

[Event "?"]
[Site "?"]
[Date "2011.06.03"]
[Round "5.40"]
[White "Stitterich, Nadine"]
[Black "Töws, Manuel"]
[Result "1/2-1/2"]
[WhiteElo "2015"]
[BlackElo "1938"]
[PlyCount "54"]
[EventDate "2011.??.??"]

1. e4 c5 2. Nf3 d6 3. d4 cxd4 4. Nxd4 Nf6 5. Nc3 a6 6. Be2 e5 7. Nb3 Be7 8. O-O
O-O 9. Kh1 b6 10. a4 Bb7 11. f3 Nc6 12. Be3 Nb4 13. a5 b5 14. Bb6 Qc8 15. Rc1
d5 16. Bd3 Qc6 17. exd5 Nbxd5 18. Nxd5 Nxd5 19. Be4 f5 20. Bxd5+ Qxd5 21. Qxd5+
Bxd5 22. Bc5 Bxb3 23. Bxe7 Rfe8 24. Bc5 Bd5 25. Rcd1 Bc6 26. Rd6 Rac8 27. b4 e4
1/2-1/2

[Event "?"]
[Site "?"]
[Date "2011.06.03"]
[Round "5.41"]
[White "Nicolai, Alexander"]
[Black "Körber, Thomas"]
[Result "1/2-1/2"]
[WhiteElo "1936"]
[BlackElo "1961"]
[PlyCount "43"]
[EventDate "2011.??.??"]
[WhiteTeam "SV 1947 Wendlingen"]
[BlackTeam "SF Fürth 1951 e.V."]

1. b3 Nf6 2. Bb2 g6 3. e3 Bg7 4. Nf3 d5 5. c4 c6 6. d4 O-O 7. Bd3 Bg4 8. h3
Bxf3 9. gxf3 Nbd7 10. Nd2 c5 11. f4 e6 12. O-O Rc8 13. Rc1 a6 14. Qe2 Re8 15.
Nf3 dxc4 16. Rxc4 cxd4 17. Rxc8 Qxc8 18. Rc1 Qb8 19. Bxd4 Rc8 20. Qb2 Rxc1+ 21.
Qxc1 Nd5 22. Bxg7 1/2-1/2

[Event "?"]
[Site "?"]
[Date "2011.06.03"]
[Round "5.42"]
[White "Santos, Paulo"]
[Black "Zeh, Rolf"]
[Result "0-1"]
[WhiteElo "1890"]
[BlackElo "1953"]
[PlyCount "68"]
[EventDate "2011.??.??"]

1. e4 c6 2. d4 d5 3. f3 dxe4 4. Nc3 exf3 5. Nxf3 Bg4 6. Bc4 e6 7. Be3 Nf6 8.
O-O Bd6 9. Qe1 Qc7 10. Qh4 Bxf3 11. Rxf3 Nbd7 12. Raf1 O-O-O 13. h3 Nb6 14. Bd3
Rd7 15. Qf2 h5 16. Ne4 Bh2+ 17. Kh1 Ng4 18. Qe1 Nd5 19. Bd2 Bg1 20. Qg3 Qxg3
21. Rxg3 Bxd4 22. Ng5 Nf2+ 23. Kh2 Be5 24. Rxf2 h4 25. Rxf7 Bxg3+ 26. Kh1 Rxf7
27. Nxf7 Rf8 28. Ng5 Kd7 29. Nf3 Bf4 30. Bxf4 Rxf4 31. Ne5+ Kc7 32. Ng6 Rd4 33.
Kg1 Nf4 34. Nf8 Kd6 0-1

[Event "?"]
[Site "?"]
[Date "2011.06.03"]
[Round "5.43"]
[White "Fischer, Gerd"]
[Black "Grünert, Thomas"]
[Result "1-0"]
[WhiteElo "1950"]
[BlackElo "1914"]
[PlyCount "39"]
[EventDate "2011.??.??"]

1. d4 d5 2. Nf3 Nf6 3. Bf4 e6 4. e3 c5 5. c3 Nc6 6. Nbd2 Bd7 7. Bd3 c4 8. Bc2
b5 9. Ne5 a5 10. O-O Be7 11. Qf3 O-O 12. Qh3 Qc8 13. Bg5 Ne4 14. Nxe4 dxe4 15.
Bxe7 Nxe7 16. Bxe4 f5 17. Bxa8 Bc6 18. Bxc6 Nxc6 19. Nxc6 Qxc6 20. Qf3 1-0

[Event "?"]
[Site "?"]
[Date "2011.06.03"]
[Round "5.44"]
[White "Mayer, Christian"]
[Black "Schäfer, Daniela"]
[Result "1/2-1/2"]
[WhiteElo "1851"]
[BlackElo "1946"]
[PlyCount "57"]
[EventDate "2011.??.??"]

1. d4 d5 2. c4 c6 3. e3 Nf6 4. Nf3 g6 5. Be2 Bg7 6. O-O O-O 7. Nc3 Qc7 8. b3
dxc4 9. bxc4 c5 10. Nb5 Qd8 11. Ba3 Nbd7 12. Rc1 b6 13. d5 Ne4 14. Nd2 a6 15.
Nxe4 axb5 16. Qb3 bxc4 17. Bxc4 Ne5 18. Be2 c4 19. Qb4 Qxd5 20. Nc3 Qe6 21.
Qxe7 Re8 22. Qxe6 Bxe6 23. Bb4 Nd3 24. Bxd3 cxd3 25. Rfd1 Red8 26. Rd2 Rac8 27.
a3 Bb3 28. Kf1 Bc2 29. Nd1 1/2-1/2

[Event "?"]
[Site "?"]
[Date "2011.06.03"]
[Round "5.45"]
[White "Rautenberg, Uwe"]
[Black "Altimira, Jordi"]
[Result "0-1"]
[WhiteElo "1941"]
[BlackElo "1805"]
[PlyCount "96"]
[EventDate "2011.??.??"]

1. d4 Nf6 2. Nc3 d5 3. Bg5 c6 4. Qd2 Nbd7 5. Nf3 h6 6. Bh4 g5 7. Bg3 Nh5 8. e4
dxe4 9. Nxe4 Nxg3 10. hxg3 Bg7 11. O-O-O Nf6 12. Nxf6+ Bxf6 13. Ne5 Be6 14. Bc4
Bxc4 15. Nxc4 Qd5 16. b3 O-O-O 17. c3 Qxg2 18. Qe2 Qd5 19. f4 gxf4 20. gxf4 Qf5
21. Rdf1 Rdg8 22. Qf3 h5 23. Rh2 h4 24. Ne3 Qd3 25. Nd1 Qxf3 26. Rxf3 Rg3 27.
Rxg3 hxg3 28. Rxh8+ Bxh8 29. Ne3 c5 30. dxc5 Bxc3 31. Kd1 Bd4 32. Ng2 Bxc5 33.
Ke2 Kd7 34. Kf3 Bf2 35. Nh4 e6 36. Kg2 Kc6 37. Nf3 f6 38. Nd2 Be3 39. Ne4 Bxf4
40. Nxf6 Kb5 41. Kf3 Kb4 42. Ne4 e5 43. Nd6 Kc3 44. Nc4 b5 45. Nd6 a6 46. Ne4+
Kb4 47. Ke2 Ka3 48. Nc5 g2 0-1

[Event "?"]
[Site "?"]
[Date "2011.06.03"]
[Round "5.46"]
[White "Dornreiter, Michael"]
[Black "Reder, Erik"]
[Result "1/2-1/2"]
[WhiteElo "1847"]
[BlackElo "1920"]
[PlyCount "96"]
[EventDate "2011.??.??"]
[WhiteTeam "SC Kirchseeon e.V."]
[BlackTeam "SK e4 Gerlingen"]

1. e4 c5 2. Nf3 Nc6 3. b3 d5 4. exd5 Qxd5 5. Nc3 Qd8 6. Bc4 Nf6 7. Ng5 e6 8.
Bb2 a6 9. a4 Be7 10. O-O Qc7 11. Nce4 Nxe4 12. Nxe4 Ne5 13. Qe2 Nxc4 14. Qxc4
O-O 15. d4 b6 16. dxc5 bxc5 17. Qc3 f6 18. Rad1 Bb7 19. Ng5 Qc6 20. f3 h6 21.
Nxe6 Rfe8 22. Rfe1 Bd6 23. Qc4 Kh8 24. Qg4 Bf8 25. Nxf8 Rxe1+ 26. Rxe1 Rxf8 27.
Re7 Rg8 28. Qd7 Qxd7 29. Rxd7 Rb8 30. Rc7 c4 31. Rxc4 Bd5 32. Rc3 Bf7 33. Re3
Kh7 34. Re7 Kg6 35. Bd4 Rd8 36. Be3 Rc8 37. h4 h5 38. g4 Bd5 39. gxh5+ Kxh5 40.
Rxg7 Kxh4 41. c4 Bxf3 42. Kf2 Bd1 43. Rb7 Kg4 44. c5 Kf5 45. a5 Ke4 46. Re7+
Kf5 47. b4 Ba4 48. Rb7 Rc6 1/2-1/2

[Event "?"]
[Site "?"]
[Date "2011.06.03"]
[Round "5.47"]
[White "Meinecke, Klaus-Hinrich"]
[Black "Rudhart, Michael"]
[Result "0-1"]
[WhiteElo "1806"]
[BlackElo "1905"]
[PlyCount "84"]
[EventDate "2011.??.??"]

1. e4 e6 2. d4 d5 3. e5 c5 4. c3 Nc6 5. a3 Qb6 6. Nf3 cxd4 7. cxd4 Nge7 8. b4
Nf5 9. Bb2 a6 10. Be2 Be7 11. g4 Nh4 12. Nxh4 Bxh4 13. O-O f6 14. f4 fxe5 15.
fxe5 Nxe5 16. Qb3 Bf6 17. Qe3 Nc6 18. Rd1 h6 19. Rd3 O-O 20. Bf3 Bd7 21. Bc3 a5
22. bxa5 Nxa5 23. Bb4 Rfe8 24. Nc3 Nc4 25. Qf2 Kh8 26. Rb1 Qa6 27. Rdd1 Bg5 28.
Qe2 Bc6 29. Kh1 Nxa3 30. Qxa6 Rxa6 31. Ra1 Rea8 32. Bxa3 Rxa3 33. Rxa3 Rxa3 34.
Rd3 Bb5 35. Nxb5 Rxd3 36. Be2 Rd2 37. Bf1 Bf4 38. h3 Rh2+ 39. Kg1 Rd2 40. Kh1
Kg8 41. Kg1 Be3+ 42. Kh1 Bxd4 0-1

[Event "?"]
[Site "?"]
[Date "2011.06.03"]
[Round "5.48"]
[White "Pietzka, Martin"]
[Black "Boyarchenko, Vlada"]
[Result "1/2-1/2"]
[WhiteElo "1863"]
[BlackElo "1674"]
[PlyCount "48"]
[EventDate "2011.??.??"]
[WhiteTeam "SV Nürtingen 1920"]

1. e4 c5 2. Nf3 e6 3. d4 cxd4 4. Nxd4 a6 5. a3 Qc7 6. Be2 Nc6 7. Nc3 Nf6 8. Be3
b5 9. Nxc6 dxc6 10. O-O Bb7 11. f3 Rd8 12. Qe1 Be7 13. Qf2 c5 14. Rad1 O-O 15.
Rxd8 Rxd8 16. Rc1 Bd6 17. g3 Rd7 18. Bf1 h6 19. Kg2 Be7 20. Rd1 Rxd1 21. Nxd1
Qd7 22. Qd2 Qxd2+ 23. Bxd2 Kf8 24. c4 Bc6 1/2-1/2

[Event "?"]
[Site "?"]
[Date "2011.06.03"]
[Round "5.49"]
[White "Kreiter, Thomas"]
[Black "Recker, Martin"]
[Result "1-0"]
[WhiteElo "1962"]
[BlackElo "1912"]
[PlyCount "77"]
[EventDate "2011.??.??"]

1. d4 d5 2. Nf3 Nf6 3. e3 g6 4. Nbd2 Bg7 5. b4 c6 6. c4 O-O 7. Bb2 a5 8. b5
cxb5 9. cxb5 a4 10. Ba3 Nbd7 11. Bd3 Re8 12. O-O e5 13. dxe5 Nxe5 14. Nxe5 Rxe5
15. Nf3 Bg4 16. Bb2 Rh5 17. h3 Be6 18. a3 g5 19. Nd4 Rh6 20. Nf5 Bxf5 21. Bxf5
Nh5 22. Bxg7 Nxg7 23. Bc2 Rh4 24. Qd3 Qd7 25. Rfd1 Rd8 26. Qe2 Qe6 27. Rac1 g4
28. Rd4 f5 29. Bxa4 Qh6 30. Bb3 gxh3 31. Rxh4 Qxh4 32. gxh3 Qxh3 33. Qf1 Qh5
34. Qg2 Kf8 35. Bxd5 f4 36. Bxb7 fxe3 37. fxe3 Rd1+ 38. Rxd1 Qxd1+ 39. Qf1+ 1-0

[Event "?"]
[Site "?"]
[Date "2011.06.03"]
[Round "5.50"]
[White "Engelhardt, Frank"]
[Black "Kean, Christopher"]
[Result "1/2-1/2"]
[WhiteElo "1917"]
[BlackElo "1791"]
[PlyCount "80"]
[EventDate "2011.??.??"]
[WhiteTeam "SC Schachmatt Botnang"]
[BlackTeam "SC Leinfelden"]

1. e4 c5 2. Nf3 g6 3. d4 Bg7 4. Nc3 cxd4 5. Nxd4 Nc6 6. Be3 Nf6 7. Be2 O-O 8.
Qd2 Qa5 9. O-O Nxe4 10. Nxc6 Bxc3 11. Nxe7+ Kh8 12. Qd5 Qxd5 13. Nxd5 Bxb2 14.
Rab1 Be5 15. f4 Bd6 16. Bf3 f5 17. Bxe4 fxe4 18. Bd4+ Kg8 19. Nf6+ Rxf6 20.
Bxf6 Bc5+ 21. Kh1 d5 22. c3 b6 23. Bd4 Ba6 24. Rfe1 Bc4 25. a4 Bxd4 26. cxd4
Re8 27. Re3 Rb8 28. Rg1 Rf8 29. g3 Kg7 30. Kg2 Rc8 31. Kf2 Bd3 32. Rxd3 exd3
33. Ke3 d2 34. Kxd2 Rc4 35. a5 Rxd4+ 36. Ke3 Re4+ 37. Kd3 Re6 38. Kd4 Re2 39.
axb6 axb6 40. Kxd5 Rxh2 1/2-1/2

[Event "?"]
[Site "?"]
[Date "2011.06.04"]
[Round "6.1"]
[White "Korneev, Oleg"]
[Black "Ikonnikov, Viacheslav"]
[Result "1/2-1/2"]
[WhiteElo "2573"]
[BlackElo "2557"]
[PlyCount "33"]
[EventDate "2011.??.??"]
[BlackTeam "SK 1879 HD-Handschuhsheim"]

1. e4 c5 2. Nf3 Nc6 3. d4 cxd4 4. Nxd4 e5 5. Nb5 d6 6. N1c3 a6 7. Na3 Be7 8.
Nc4 b5 9. Ne3 Nf6 10. g3 O-O 11. Bg2 b4 12. Ncd5 Nxd5 13. Nxd5 Bg5 14. Bxg5
Qxg5 15. O-O Qd8 16. a3 Rb8 17. axb4 1/2-1/2

[Event "?"]
[Site "?"]
[Date "2011.06.04"]
[Round "6.2"]
[White "Günthner, Oliver"]
[Black "Ovsejevitsch, Sergei"]
[Result "0-1"]
[WhiteElo "2276"]
[BlackElo "2585"]
[PlyCount "140"]
[EventDate "2011.??.??"]
[WhiteTeam "SK Neuhausen"]
[BlackTeam "SK Gau-Algesheim"]

1. Nf3 Nf6 2. c4 b6 3. g3 Bb7 4. Bg2 e6 5. O-O Be7 6. d4 O-O 7. Nc3 Na6 8. a3
Ne4 9. Nxe4 Bxe4 10. Be3 c6 11. Bh3 c5 12. Nd2 Bb7 13. d5 exd5 14. Bg2 Nc7 15.
Nb1 Bf6 16. Ra2 Re8 17. cxd5 Nb5 18. Bd2 Ba6 19. Qa4 Qc8 20. e3 Nd6 21. Rc1 Bc4
22. Rxc4 b5 23. Qc2 Nxc4 24. Bc3 Qd8 25. b3 Nd6 26. Nd2 Rc8 27. a4 b4 28. Bxf6
Qxf6 29. Nc4 Nxc4 30. Qxc4 Qc3 31. Qxc3 bxc3 32. Bf1 f5 33. Rc2 Kf7 34. h4 Rb8
35. Bc4 d6 36. Rxc3 Kf6 37. Kg2 g6 38. Kf3 h6 39. Rc1 Re7 40. Ke2 Reb7 41. Rc3
g5 42. hxg5+ hxg5 43. Kd3 Rh7 44. Rc1 Rh2 45. Ke2 Rbh8 46. Rg1 Rh1 47. Kf1 Ke5
48. Kg2 Rxg1+ 49. Kxg1 Ke4 50. Kg2 a5 51. Kg1 Kf3 52. Bd3 f4 53. exf4 gxf4 54.
gxf4 Kxf4 55. Kg2 Rh5 56. Bc4 Re5 57. Kf1 Kf3 58. Bb5 Re4 59. Bd3 Rd4 60. Be2+
Kf4 61. Bc4 Rd2 62. Kg2 Rb2 63. Kf1 Kf3 64. Ke1 Rxf2 65. Kd1 Ke3 66. Ke1 Rh2
67. Kd1 Kd4 68. Kc1 Kc3 69. Kb1 Rh1+ 70. Ka2 Rd1 0-1

[Event "?"]
[Site "?"]
[Date "2011.06.04"]
[Round "6.3"]
[White "Teske, Henrik"]
[Black "Kabisch, Thilo"]
[Result "1/2-1/2"]
[WhiteElo "2534"]
[BlackElo "2291"]
[PlyCount "103"]
[EventDate "2011.??.??"]
[WhiteTeam "SC 1950 Remagen"]
[BlackTeam "SK Schmiden/Cannstatt"]

1. Nf3 Nf6 2. c4 g6 3. g3 Bg7 4. Bg2 d6 5. d4 O-O 6. O-O Nc6 7. Nc3 a6 8. Qd3
e5 9. d5 Ne7 10. e4 Nd7 11. Be3 h6 12. Qd2 Kh7 13. Nh4 f5 14. exf5 Nxf5 15.
Nxf5 gxf5 16. Rac1 Nf6 17. f4 Ng4 18. fxe5 Nxe3 19. Qxe3 dxe5 20. c5 Rb8 21.
Rcd1 b6 22. c6 Qd6 23. Kh1 Kh8 24. Qd2 b5 25. Ne2 b4 26. Qe3 Rb5 27. Rd2 Ra5
28. Qb3 Rb5 29. Rfd1 a5 30. Qf3 Rc5 31. Qh5 Ba6 32. Ng1 e4 33. Rf2 Rxd5 34.
Rxd5 Qxd5 35. g4 Bb5 36. gxf5 Bxc6 37. Ne2 Qd2 38. b3 e3 39. Rf1 Bxg2+ 40. Kxg2
Rf6 41. Kh3 Qxa2 42. Qe8+ Kh7 43. Qxe3 a4 44. Nd4 c5 45. Rg1 cxd4 46. Rxg7+
Kxg7 47. Qg3+ Kf8 48. Qb8+ Kf7 49. Qc7+ Kg8 50. Qg3+ Kh8 51. Qb8+ Kh7 52. Qc7+
1/2-1/2

[Event "?"]
[Site "?"]
[Date "2011.06.04"]
[Round "6.4"]
[White "Graf, Felix"]
[Black "Lobzhanidze, Davit"]
[Result "0-1"]
[WhiteElo "2318"]
[BlackElo "2474"]
[PlyCount "96"]
[EventDate "2011.??.??"]
[WhiteTeam "FC Bayern München e.V."]
[BlackTeam "SV 1920 Hofheim"]

1. d4 d5 2. c4 e6 3. Nc3 Nf6 4. cxd5 exd5 5. Bg5 c6 6. e3 Nbd7 7. Bd3 Be7 8.
Qc2 O-O 9. Nf3 Re8 10. h3 Nf8 11. Bf4 Be6 12. Ne5 N6d7 13. O-O f6 14. Nxd7 Qxd7
15. Na4 Bf7 16. Nc5 Bxc5 17. Qxc5 Bg6 18. Rfd1 Bxd3 19. Rxd3 g5 20. Bh2 Ng6 21.
b4 a6 22. a4 g4 23. hxg4 Qxg4 24. Qc2 Re7 25. Qd1 Qe4 26. f3 Qe6 27. Kf2 h5 28.
Qd2 Rg7 29. Rh1 Kf7 30. Bf4 h4 31. Rb3 Nxf4 32. exf4 Rag8 33. Rh2 Rg3 34. b5 h3
35. gxh3 axb5 36. axb5 Rxh3 37. Rg2 Rxg2+ 38. Kxg2 Rh8 39. bxc6 Qh3+ 40. Kf2
Qh2+ 41. Ke3 Qg1+ 42. Kd3 bxc6 43. f5 Re8 44. Qf4 Qf1+ 45. Kc3 Qc4+ 46. Kb2
Re2+ 47. Ka3 Qa6+ 48. Kb4 Qb5+ 0-1

[Event "?"]
[Site "?"]
[Date "2011.06.04"]
[Round "6.5"]
[White "Dobosz, Henryk"]
[Black "Krockenberger, Martin"]
[Result "1/2-1/2"]
[WhiteElo "2396"]
[BlackElo "2178"]
[PlyCount "64"]
[EventDate "2011.??.??"]
[WhiteTeam "BG Buchen"]
[BlackTeam "SK Schmiden/Cannstatt"]

1. c4 Nf6 2. Nc3 c5 3. Nf3 b6 4. e3 g6 5. d4 Bg7 6. d5 d6 7. e4 O-O 8. h3 Na6
9. Bd3 Nc7 10. a4 a6 11. Rb1 e6 12. O-O exd5 13. cxd5 b5 14. Re1 bxa4 15. Nxa4
Rb8 16. Bd2 Nb5 17. b4 cxb4 18. Bxb4 Nh5 19. e5 Rb7 20. Bxb5 axb5 21. Nc3 Bf5
22. Bxd6 Bxb1 23. Bxf8 Qxf8 24. Qxb1 Qc5 25. Qb3 Nf4 26. d6 Nd3 27. Ne4 Qc4 28.
Qa3 Rb8 29. Qa7 Rf8 30. Ned2 Qd5 31. Rb1 Nxe5 32. Qb6 Nc4 1/2-1/2

[Event "?"]
[Site "?"]
[Date "2011.06.04"]
[Round "6.6"]
[White "Vaysberg, Alexander"]
[Black "Reich, Thomas"]
[Result "0-1"]
[WhiteElo "2203"]
[BlackElo "2381"]
[PlyCount "76"]
[EventDate "2011.??.??"]
[WhiteTeam "SC Gross-Sachsenheim"]
[BlackTeam "FC Bayern München e.V."]

1. e4 c5 2. c3 g6 3. d4 Bg7 4. dxc5 Nc6 5. Nf3 Nf6 6. Bd3 O-O 7. O-O Qa5 8. b4
Qc7 9. Na3 b6 10. cxb6 Qxb6 11. Be3 Qb8 12. h3 Bb7 13. Qb3 d5 14. exd5 Nxd5 15.
Qxd5 Ne5 16. Qb5 a6 17. Qb6 Nxd3 18. Nd4 Rc8 19. c4 Be5 20. Qa5 Qd6 21. c5 Qd5
22. c6 Qxa5 23. bxa5 Bxc6 24. Rfd1 Nf4 25. Nxc6 Rxc6 26. Rab1 Ne2+ 27. Kf1 Nc3
28. Rbc1 Rac8 29. Rd2 Nd5 30. Rdc2 Nxe3+ 31. fxe3 Rxc2 32. Rxc2 Rxc2 33. Nxc2
Bc3 34. Ke2 Kf8 35. Kd3 Bxa5 36. Kc4 Ke8 37. Nb4 Bxb4 38. Kxb4 f5 0-1

[Event "?"]
[Site "?"]
[Date "2011.06.04"]
[Round "6.7"]
[White "Holzhäuer, Mathias"]
[Black "Neyman, Igor"]
[Result "1/2-1/2"]
[WhiteElo "2297"]
[BlackElo "2262"]
[PlyCount "90"]
[EventDate "2011.??.??"]
[WhiteTeam "SK Schmiden/Cannstatt"]
[BlackTeam "SGem Vaihingen-Rohr"]

1. e4 c5 2. Nc3 Nc6 3. Bb5 Nd4 4. Bc4 e6 5. Nge2 Ne7 6. Nxd4 cxd4 7. Ne2 Nc6 8.
d3 b5 9. Bb3 Qb6 10. c3 Bc5 11. O-O O-O 12. Ng3 Ne7 13. Qe2 Bb7 14. Kh1 f5 15.
Bg5 fxe4 16. dxe4 dxc3 17. bxc3 Ng6 18. f3 h6 19. Bd2 Kh8 20. e5 Rf7 21. Bc2
Nf8 22. Rab1 a6 23. a4 Bc6 24. Bd3 Qc7 25. axb5 axb5 26. Ra1 Rb8 27. Rfb1 d6
28. Bxb5 Bxb5 29. Rxb5 Rxb5 30. Qxb5 dxe5 31. Ne4 Nd7 32. Ra8+ Rf8 33. Rxf8+
Bxf8 34. Be3 Kg8 35. h4 Kf7 36. h5 Be7 37. c4 Nf6 38. Nxf6 Bxf6 39. c5 e4 40.
f4 Qd8 41. c6 Qd1+ 42. Kh2 Qe1 43. c7 Qh4+ 44. Kg1 Qe1+ 45. Kh2 Qh4+ 1/2-1/2

[Event "?"]
[Site "?"]
[Date "2011.06.04"]
[Round "6.8"]
[White "Strunski, Andreas"]
[Black "Kvetny, Mark"]
[Result "1/2-1/2"]
[WhiteElo "2347"]
[BlackElo "2071"]
[PlyCount "192"]
[EventDate "2011.??.??"]
[WhiteTeam "Stuttgarter SF 1879"]
[BlackTeam "SV Altbach e.V."]

1. c4 Nf6 2. Nc3 c5 3. Nf3 Nc6 4. e3 e5 5. d4 exd4 6. exd4 d5 7. Be3 cxd4 8.
Nxd4 Bb4 9. Nxc6 bxc6 10. Qa4 Bxc3+ 11. bxc3 Bd7 12. Qa3 Qe7 13. Qxe7+ Kxe7 14.
Bc5+ Kd8 15. f3 Re8+ 16. Kf2 Rb8 17. Ba3 Kc7 18. Rd1 Rb7 19. g4 Be6 20. g5 Nd7
21. cxd5 cxd5 22. f4 Nb6 23. Ba6 Rbb8 24. c4 Red8 25. cxd5 Rxd5 26. Bb2 Rg8 27.
Be5+ Kd7 28. Bb7 Rxd1 29. Rxd1+ Ke7 30. Bd6+ Ke8 31. Bb8 Nd7 32. Bxa7 Bxa2 33.
f5 Ke7 34. Bc6 Rd8 35. f6+ gxf6 36. gxf6+ Ke6 37. Bb6 Nxb6 38. Rxd8 Kxf6 39.
Be4 Kg7 40. Rd3 h6 41. Ke3 Be6 42. Kf4 Kf6 43. Rd8 Kg7 44. Bf5 Nd5+ 45. Ke5
Bxf5 46. Kxf5 Ne7+ 47. Kg4 Kg6 48. Re8 Nf5 49. Kf4 Ng7 50. Rg8 Kh7 51. Ra8 Kg6
52. Rg8 Kh7 53. Ra8 Kg6 54. Ke5 Ne6 55. Ra3 Ng5 56. Rg3 f6+ 57. Kf4 Kf7 58. Kg4
Ne6 59. Ra3 Kg6 60. Ra5 Ng7 61. Rb5 Kf7 62. Rc5 Kg6 63. Ra5 Kf7 64. h4 h5+ 65.
Kf4 Kg6 66. Ra1 Ne6+ 67. Ke4 Ng7 68. Rb1 Kf7 69. Rg1 Ne6 70. Kd5 Ng7 71. Rf1
Kg6 72. Rf4 Nf5 73. Ke6 Ng7+ 74. Ke7 Nf5+ 75. Kf8 Ng7 76. Rf1 Nf5 77. Rg1+ Kh6
78. Kf7 Nxh4 79. Kxf6 Nf3 80. Rg8 Kh7 81. Rg7+ Kh6 82. Rg6+ Kh7 83. Rg3 Nd4 84.
Rd3 Ne2 85. Kg5 h4 86. Rd7+ Kg8 87. Rd2 Ng3 88. Kxh4 Nf5+ 89. Kg5 Ng7 90. Kg6
Ne8 91. Rd7 Kf8 92. Rf7+ Kg8 93. Rf1 Ng7 94. Re1 Kf8 95. Kf6 Ne8+ 96. Ke6 Ng7+
1/2-1/2

[Event "?"]
[Site "?"]
[Date "2011.06.04"]
[Round "6.9"]
[White "Wagner, Florian"]
[Black "Aring, Gerd"]
[Result "1-0"]
[WhiteElo "2249"]
[BlackElo "2205"]
[PlyCount "111"]
[EventDate "2011.??.??"]
[WhiteTeam "SC Noris-Tarrasch Nürnberg 1873"]
[BlackTeam "SV Nürtingen 1920"]

1. Nf3 Nf6 2. g3 d5 3. Bg2 g6 4. O-O Bg7 5. c4 c6 6. d4 O-O 7. b3 Bf5 8. Bb2
Nbd7 9. Nc3 dxc4 10. bxc4 Nb6 11. c5 Nc4 12. Bc1 Ne4 13. Qb3 Na5 14. Qb4 b6 15.
Nxe4 Bxe4 16. Rd1 Qd5 17. cxb6 axb6 18. Bf4 c5 19. Qxb6 cxd4 20. Rac1 Rfc8 21.
Rxc8+ Rxc8 22. Bh3 e6 23. Ng5 Nc4 24. Qa7 Rf8 25. Nxe4 Qxe4 26. Bg4 e5 27. Bf3
Qf5 28. Rc1 Nd6 29. Bd2 e4 30. Bg2 Nb5 31. Qe7 e3 32. fxe3 dxe3 33. Bxe3 Bd4
34. Rf1 Qc2 35. Bd5 Bxe3+ 36. Qxe3 Nc3 37. Bxf7+ Kg7 38. Qd4+ Kh6 39. Qf4+ Kg7
40. Qf6+ Kh6 41. Qf4+ Kg7 42. Qd4+ Kh6 43. Qe3+ Kg7 44. Bc4 Rxf1+ 45. Kxf1 Nd1
46. Qe7+ Kh6 47. Qf8+ Kh5 48. Qf3+ Kh6 49. Bb3 Qd2 50. Qf4+ Qxf4+ 51. gxf4 Nc3
52. Kf2 g5 53. fxg5+ Kxg5 54. Ke3 Nb5 55. Bd5 Na3 56. Kd4 1-0

[Event "?"]
[Site "?"]
[Date "2011.06.04"]
[Round "6.10"]
[White "Färber, Eric"]
[Black "Dudek, Richard"]
[Result "1/2-1/2"]
[WhiteElo "2030"]
[BlackElo "2238"]
[PlyCount "80"]
[EventDate "2011.??.??"]
[WhiteTeam "SC Leinfelden"]
[BlackTeam "SC Eppingen"]

1. e4 c6 2. d4 d5 3. exd5 cxd5 4. c4 Nf6 5. Nc3 Nc6 6. Bg5 e6 7. Nf3 Be7 8. a3
O-O 9. c5 Ne4 10. Bxe7 Qxe7 11. Bb5 Nxc3 12. bxc3 e5 13. O-O e4 14. Bxc6 bxc6
15. Ne5 Qe6 16. h3 f6 17. Ng4 Ba6 18. Re1 Rfb8 19. Rb1 Qc8 20. f3 Rxb1 21. Qxb1
Rb8 22. Qd1 Qe6 23. Qa4 Bb5 24. Qxa7 Re8 25. a4 Bc4 26. fxe4 dxe4 27. Ne3 Bd3
28. g4 g6 29. Qc7 Re7 30. Qd8+ Kg7 31. a5 Rd7 32. Qc8 f5 33. gxf5 gxf5 34. Kh1
Qf7 35. Rg1+ Kh6 36. Qxc6+ Kh5 37. Ng2 f4 38. Nxf4+ Qxf4 39. Qxd7 Qf3+ 40. Kh2
Qf2+ 1/2-1/2

[Event "?"]
[Site "?"]
[Date "2011.06.04"]
[Round "6.11"]
[White "Schuh, Karsten"]
[Black "Gustain, Marc"]
[Result "1/2-1/2"]
[WhiteElo "2249"]
[BlackElo "2101"]
[PlyCount "113"]
[EventDate "2011.??.??"]
[WhiteTeam "SC Böblingen 1975 e.V."]
[BlackTeam "SF Deizisau"]

1. c4 c5 2. Nc3 Nc6 3. g3 g6 4. Bg2 Bg7 5. Nf3 e5 6. a3 Nge7 7. O-O O-O 8. d3
d6 9. Rb1 a5 10. Ne1 Be6 11. Nc2 d5 12. cxd5 Nxd5 13. Nxd5 Bxd5 14. b4 cxb4 15.
axb4 a4 16. Bxd5 Qxd5 17. b5 Nd4 18. Nxd4 exd4 19. Ba3 Rfc8 20. Qd2 h5 21. h4
Rc3 22. Bb4 Rb3 23. Qa2 Re8 24. Qxa4 Rxb1 25. Rxb1 Rxe2 26. Be1 Be5 27. Qd1 Qf3
28. Rb2 Rxf2 29. Qxf3 Rxf3 30. Rb3 Kf8 31. Kg2 Rf6 32. Bf2 Ke7 33. Rb4 Kd6 34.
Bxd4 Bxd4 35. Rxd4+ Kc5 36. Rd7 b6 37. Rc7+ Kxb5 38. d4 Rf5 39. d5 Rxd5 40.
Rxf7 Rf5 41. Rg7 Rf6 42. g4 hxg4 43. Kg3 Kc5 44. Kxg4 b5 45. Kg5 Rb6 46. Rxg6
Rb8 47. Re6 b4 48. Re1 b3 49. h5 b2 50. Rb1 Kc4 51. h6 Kc3 52. h7 Kc2 53. Rxb2+
Kxb2 54. Kf6 Kc3 55. Kg7 Kd4 56. h8=Q Rxh8 57. Kxh8 1/2-1/2